{"text_format":"3","workbook":"xlsx","n_sheets":6,"sheets":["E13单项工程招标控制价汇总表","E14单位工程招标控制价汇总表","E18工程量清单计价表明细表","E21绿色施工安全防护计价表","E23其他项目清单与计价汇总表","E40人工、材料、机械汇总表"],"read":"whole","date_system":"1900"}

{"sheet":"E13单项工程招标控制价汇总表","index":0,"n_rows":9,"n_cols":7,"rows_kept":9,"merged":[[0,1,1,6],[2,1,2,5],[3,1,4,1],[3,2,4,3],[3,4,4,4],[3,5,3,6],[5,2,5,3],[6,2,6,3],[7,1,7,3],[8,1,8,6]]}
[null,"E.13 单项工程 招标控制价 汇总表"]
[]
[null,"工程名称:新公寓寝室装修提质项目",{"$nulls":4},"第1页 共1页"]
[null,"序号","单项工程名称",null,"金额(元)","其中:(元)"]
[{"$nulls":5},"绿色施工安全防护措施项目费","暂估价"]
[null,"1","新公寓寝室装修提质项目",null,1578428.76,47704.03]
[null,"",""]
[null,"合  计",null,null,1578428.76,47704.03]
[null,"注：本表适用于单项工程招标控制价或投标报价的汇总。暂估价包括分部分项工程中的暂估价和专业工程暂估价。"," "," "," "," "," "]

{"sheet":"E14单位工程招标控制价汇总表","index":1,"n_rows":28,"n_cols":7,"rows_kept":28,"merged":[[0,1,0,6],[1,1,1,4],[26,1,26,2],[27,1,27,6]]}
[null,"E.14 单位工程 招标控制价 汇总表"]
[null,"工程名称:新公寓寝室装修提质项目",{"$nulls":3},"标段:","第1页 共1页"]
[null,"序号","工程内容","计费基础说明","费率%","金额","其中:暂估价(元)"]
[null,"一","分部分项工程费","分部分项工程费合计",null,1380377.38]
[null,"1","直接费",null,null,1220038.61]
[null,"1.1","人工费",null,null,645286.63]
[null,"1.2","材料费",null,null,530344.35]
[null,"1.2.1","其中:工程设备费/其他","(详见附录C说明第2条规定计算)"]
[null,"1.3","机械费",null,null,26447.23]
[null,"2","管理费",null,9.65,87132.24]
[null,"3","其他管理费","(按附录C说明第2条规定计算)",{"v":2,"d":"2.00"}]
[null,"4","利润",null,{"v":6,"d":"6.00"},73206.34]
[null,"二","措施项目费","1+2+3",null,49912.63]
[null,"1","单价措施项目费","单价措施项目费合计"]
[null,"1.1","直接费"]
[null,"1.1.1","人工费"]
[null,"1.1.2","材料费"]
[null,"1.1.3","机械费"]
[null,"1.2","管理费",null,9.65]
[null,"1.3","利润",null,{"v":6,"d":"6.00"}]
[null,"2","总价措施项目费","(按E.20总价措施项目计价表计算)",null,{"v":2208.6,"d":"2208.60"}]
[null,"3","绿色施工安全防护措施项目费","(按E.21绿色施工安全防护措施费计价表计算)",6.25,47704.03]
[null,"3.1","其中安全生产费","(按E.21绿色施工安全防护措施费计价表计算)",3.29,40139.27]
[null,"三","其他项目费","(按E.23其他项目计价汇总表计算)",null,17809.77]
[null,"四","税前造价","一+二+三",null,1448099.78]
[null,"五","销项税额","四",{"v":9,"d":"9.00"},130328.98]
[null,"单位工程建安造价",null,"四+五",null,1578428.76," "]
[null,"注：以人工费作为计费基数时材料费含设备费;以直接费作为计费基数时材料费不含工程设备费。"," "," "," "," "," "]

{"sheet":"E18工程量清单计价表明细表","index":2,"n_rows":34,"n_cols":15,"rows_kept":34,"merged":[[0,1,0,13],[1,1,1,10],[1,12,1,13],[2,1,3,1],[2,2,3,2],[2,3,3,3],[2,4,3,4],[2,5,3,5],[2,6,2,13],[2,14,3,14],[18,2,18,6],[20,1,20,13],[21,1,21,10],[21,12,21,13],[22,1,23,1],[22,2,23,2],[22,3,23,3],[22,4,23,4],[22,5,23,5],[22,6,22,13],[22,14,23,14],[31,2,31,6],[32,2,32,6],[33,1,33,13]]}
[null,"E.18 分部分项工程项目清单与措施项目清单计价表"]
[null,"工程名称:新公寓寝室装修提质项目",{"$nulls":9}," 标段:","第1页 共2页"]
[null,"序号","项目编码","项目名称及特征描述","计量单位","工程量","金额（元）",{"$nulls":7},"清单类型"]
[{"$nulls":6},"综合单价","合价","人工费","材料费","机械费","管理费","其他管理费","利润"]
[null,"","1","新公寓寝室装修提质项目","",{"$nulls":3},645286.63,530344.35,26447.23,87132.24,null,null,""]
[null,"","1.1","拆除工程","",{"$nulls":3},127905.44,1284.75,17600.77,14160.64,null,null,""]
[null,"","1.1.1","3-11层学生公寓","",{"$nulls":3},127905.44,1284.75,17600.77,14160.64,null,null,""]
[null,"1","011605001001","平面块料拆除","m2",4490.1,4490.1,11.54,44820.18,null,null,4323.97,null,null,"分部分项"]
[null,"2","011605001002","门槛石拆除","m2",25.92,25.92,11.54,258.73,null,null,24.96,null,null,"分部分项"]
[null,"3","011604002001","立面油皮层拆除","m2",5603.9463,5603.9463,6.33,{"v":30676,"d":"30676.00"},null,null,2958.88,null,null,"分部分项"]
[null,"4","011604003001","天棚油皮拆除","m2",4869,4869,4.66,19597.73,null,null,1889.17,null,null,"分部分项"]
[null,"5","010103002001","楼面运出垃圾","m3",191.11,191.11,90.33,13322.85,null,{"v":1603.8,"d":"1603.80"},{"v":1440.4,"d":"1440.40"},null,null,"分部分项"]
[null,"6","010103002002","余方弃置","m3",191.11,191.11,94.45,{"v":12492.1,"d":"12492.10"},null,3115.28,1506.14,null,null,"分部分项"]
[null,"7","010103002003","余方弃置，暂定增运19KM","m3",3631.09,3631.09,4.08,null,null,12795.96,1234.57,null,null,"分部分项"]
[null,"8","011610001001","入户门页保护性拆除及安装","扇",225,225,41.68,6737.85,1284.75,85.73,782.55,null,null,"分部分项"]
[null,"","1.2","装修工程","",{"$nulls":3},517381.19,{"v":529059.6,"d":"529059.60"},8846.46,{"v":72971.6,"d":"72971.60"},null,null,""]
[null,"","1.2.1","3-11层学生公寓","",{"$nulls":3},517381.19,{"v":529059.6,"d":"529059.60"},8846.46,{"v":72971.6,"d":"72971.60"},null,null,""]
[null,"9","011102003001","块料楼地面\n1.800X150仿木纹地板砖\n2.水泥砂浆找平（40mm）\n3.素水泥浆掺防水剂扫一遍\n4.基层清理\n5.部位：3-11层学生公寓地面","m2",4490.1,4490.1,186.75,288318.75,428811.73,8302.64,50541.02,null,null,"分部分项"]
[null,null,"本页小计",{"$nulls":4},451.36,416224.19,430096.48,25903.41,64701.66,null,null," "]
[null," "," "," "," "," "," "," "," "," "," "," "," "," "," "]
[null,"E.18 分部分项工程项目清单与措施项目清单计价表"]
[null,"工程名称:新公寓寝室装修提质项目",{"$nulls":9}," 标段:","第2页 共2页"]
[null,"序号","项目编码","项目名称及特征描述","计量单位","工程量","金额（元）",{"$nulls":7},"清单类型"]
[{"$nulls":6},"综合单价","合价","人工费","材料费","机械费","管理费","其他管理费","利润"]
[null,"10","011201001001","墙面墙漆\n1.涂刷墙漆二遍，黄色墙漆到顶\n2.部位：3-11层学生公寓墙面","m2",5365.4805,5365.4805,21.51,71545.46,30765.67,null,6957.42,null,null,"分部分项"]
[null,"11","011201001001","墙面刮腻子\n1.墙面刮腻子两遍\n2.部位：3-11层学生公寓墙面","m2",700,700,13.02,{"v":6944,"d":"6944.00"},1135.75,null,549.43,null,null,"分部分项"]
[null,"12","011301001001","天棚墙漆\n1.顶面白色墙漆两遍\n2.墙面刮腻子二遍\n3.部位：3-11层学生公寓天棚","m2",4490.1,4490.1,37.09,113322.94,34313.34,null,10039.41,null,null,"分部分项"]
[null,"13","011101001001","楼地面成品保护\n1.走廊铺设九厘夹板保护地面","m2",1894,1894,7.93,{"v":3000.1,"d":"3000.10"},{"v":10318.7,"d":"10318.70"},null,905.71,null,null,"分部分项"]
[null,"14","011502002001","150高仿木纹PVC踢脚线","m",3576.6,3576.6,14.77,28893.21,17948.81,null,3185.32,null,null,"分部分项"]
[null,"15","011102001001","石材楼地面\n1.门槛石，白水泥擦缝\n2.1:3干硬性水泥砂浆结合层\n3.1.5mm厚聚氨酯防水\n4.基层清理\n5.部位：3-11层学生公寓门槛石","m2",25.92,25.92,348.06,2184.12,5662.54,151.34,543.86,null,null,"分部分项"]
[null,"16","FC0108001001","门槛石磨边\n1.台阶平面磨边","m",259.2,259.2,15.96,3172.61,103.06,392.48,249.43,null,null,"分部分项"]
[null,null,"本页小计",{"$nulls":4},458.34,229062.44,100247.87,543.82,22430.58]
[null,null,"合　　计",{"$nulls":4},{"v":909.7,"d":"909.70"},645286.63,530344.35,26447.23,87132.24,null,null," "]
[null,"注:1.本表工程量清单项目综合的消耗量标准与E.19综合单价分析表综合的内容应相同;2.此表用于竣工结算时无暂估价栏。"," "," "," "," "," "," "," "," "," "," "," "," "," "]

{"sheet":"E21绿色施工安全防护计价表","index":3,"n_rows":6,"n_cols":7,"rows_kept":6,"merged":[[0,1,0,6],[1,1,1,3],[1,5,1,6],[3,6,4,6],[5,1,5,6]]}
[null,"E.21  绿色施工安全防护措施项目费计价表(招投标)"]
[null,"工程名称:新公寓寝室装修提质项目",null,null,"标段：","第1页 共1页"]
[null,"序号","工程内容","计算基础","费率(%)","金额(元)","备注"]
[null,"一","绿色施工安全防护措施费","直接费",6.25,47704.03,"按附录C说明及表4相应总费率标准计算"]
[null,"其中:","安全生产费","直接费",3.29,40139.27," "]
[null,"注：安装工程取费基数按人工费，其他工程取费基数按直接费(不含其他管理费的计费基数。详附录C说明)计算。"," "," "," "," "," "]

{"sheet":"E23其他项目清单与计价汇总表","index":4,"n_rows":18,"n_cols":7,"rows_kept":18,"merged":[[0,1,0,6],[1,1,1,5],[15,3,15,6],[16,1,16,6]]}
[null,"E.23  其他项目清单与计价汇总表"]
[null,"工程名称：新公寓寝室装修提质项目",{"$nulls":4},"第1页 共1页"]
[null,"序号","项目名称","计费基础/单价","费率/数量","合计金额(元)","备注"]
[null,"1","暂列金额"," ",null,null,"明细详见E.24表"]
[null,"2","暂估价"," ",null,null," "]
[null,"2.1","  材料暂估价"," ",null,null,"明细详见E.25表"]
[null,"2.2","  专业工程暂估价"," ",null,null,"明细详见E.26表"]
[null,"2.2","  分部分项工程暂估价"," ",null,null,"按招标文件规定或合同约定"]
[null,"3","计日工"," ",null,null,"明细详见E.27表"]
[null,"4","总承包服务费"," ",null,null,"明细详见E.28表"]
[null,"5","其他项目"," ",null,3506.87,"类别为其他项目"]
[null,"6","优质工程增加费"," ",null,null,"明细详见E.29表"]
[null,"7","安全责任险、环境保护税"," ",{"v":1,"d":"1.00"},{"v":14302.9,"d":"14302.90"},"明细详见E.29表"]
[null,"8","提前竣工措施增加费"," ",null,null,"明细详见E.29表"]
[null,"9","索赔签证"," ",null,null,"明细详见E.30表"]
[null,"10","其他项目费合计",17809.77]
[null,"注：材料暂估单价进入清单项目综合单价，此处不汇总。"]
[" "]

{"sheet":"E40人工、材料、机械汇总表","index":5,"n_rows":36,"n_cols":9,"rows_kept":36,"merged":[[0,1,0,8],[1,1,1,5],[1,7,1,8],[33,2,33,3],[34,2,34,3]]}
[null,"E.40 人工、材料、机械汇总表"]
[null,"工程名称:新公寓寝室装修提质项目",{"$nulls":4},"标段：","第1页 共1页"]
[null,"序号","编码","名称(材料、机械规格型号)","单位","数量","单价(元)","合价(元)","备注"]
[{"$nulls":3},"人工"]
[null,"1","00020","人工费(修缮、长株潭地区)","工日",794.444,{"v":161,"d":"161.000"},147091.31]
[null,"2","H00001","人工费","元",517381.184,{"v":1,"d":"1.000"},517381.18]
[{"$nulls":3},"所有材料(含配合比分解)"]
[null,"3","03110100001","尼龙砂轮片 综合","片",6.972,{"v":14.35,"d":"14.350"},100.05]
[null,"4","03130700007","石料切割锯片","片",14.783,{"v":35.4,"d":"35.400"},523.32]
[null,"5","04010400001","白水泥","kg",451.861,0.694,313.59]
[null,"6","04090700002","熟石膏粉","kg",8.226,{"v":1.21,"d":"1.210"},9.95]
[null,"7","050135","杉木锯材","m3",0.675,{"v":1870,"d":"1870.000"},1262.25]
[null,"8","05050100001.1","普通胶合板 9厘mm","m2",{"v":520.85,"d":"520.850"},{"v":19.5,"d":"19.500"},10156.58]
[null,"9","07050100003.1","800X150仿木纹地板砖","m2",4602.353,{"v":75,"d":"75.000"},345176.48]
[null,"10","08010000001.1","门槛石","m2",27.475,159.363,{"v":4378.5,"d":"4378.50"}]
[null,"11","12090300002.1","仿木纹PVC踢脚线 150mm","m",3648.132,{"v":4,"d":"4.000"},14592.53]
[null,"12","13010100003","成品腻子粉","kg",{"v":12204.24,"d":"12204.240"},{"v":0.77,"d":"0.770"},9397.26]
[null,"13","13030300005.1","墙漆","kg",2327.888,{"v":24,"d":"24.000"},55869.31]
[null,"14","13031100016","单组分聚氨酯防水涂料","kg",64.152,{"v":12.97,"d":"12.970"},832.05]
[null,"15","14410000027","塑料粘结剂","kg",177.042,{"v":14.1,"d":"14.100"},2496.29]
[null,"16","34110100002","水","t",122.685,{"v":4.39,"d":"4.390"},538.59]
[null,"17","80010100005.1","预拌干混地面砂浆 DS M15.0","m3",136.125,{"v":541.76,"d":"541.760"},73747.08]
[null,"18","88010500001","其他材料费","元",10928.742,{"v":1,"d":"1.000"},10928.74]
[null,"19","C06056","其它材料费","元",22.5,{"v":1,"d":"1.000"},{"v":22.5,"d":"22.50"}]
[{"$nulls":3},"配合比(合计不汇总)"]
[null,"20","80010100005.1","预拌干混地面砂浆 DS M15.0","m3",136.125,{"v":541.76,"d":"541.760"},73747.08]
[{"$nulls":3},"机械"]
[null,"21","410993.1","其他机械费","元",141.102,{"v":0.92,"d":"0.920"},119.43]
[null,"22","J12-40.1","电动打磨机","台班",11.877,33.046,361.09]
[null,"23","J4-14x.1","自卸汽车 装载质量5t 中 (修缮)","台班",{"v":36.12,"d":"36.120"},440.579,14640.62]
[null,"24","J5-2x.1","电动卷扬机 单筒快速 牵引力10kN 小 (修缮)","台班",15.289,104.898,1475.48]
[null,"25","J6-14.1","干混砂浆罐式搅拌机 200(L)","台班",24.334,217.368,4866.28]
[null,"26","J7-102.1","岩石切割机 功率(kW) 3","台班",69.771,44.703,2869.46]
[null,"","本  页  小  计",null,"元","","",1219149.92,""]
[null,"","合          计",null,"元","","",1219149.92," "]
[null," "," "," "," "," "," "," "," "]